000 00578nam a2200193Ia 4500
003 OSt
005 20240603123042.0
008 210210b1981 xxu||||| |||| 00| 0 eng d
040 _cAL
041 _aKannada
082 _aK894.3 USHD
100 _aUSHA NAVARATNARAM.
_9131612
_dಉಷಾ ನವರತ್ನರಾಂ
245 _aDoni sagali munde hogali.
_bದೋಣಿ ಸಾಗಲಿ ಮುಂದೆ ಹೋಗಲಿ
260 _aBengaluru
_bShri Rajalakshmi Prakashana
_c1981
300 _a184
690 _aKannada Fiction
_9131613
906 _a035421
942 _2ddc
_cBK
999 _c85736
_d85736